<?xml version="1.0" encoding="UTF-8"?>
<collection xmlns="http://www.loc.gov/MARC21/slim">
    <record>
        <controlfield tag="001">70996</controlfield>
        <controlfield tag="005">20200428120341.0</controlfield>
        <datafield tag="024" ind1="7" ind2=" ">
            <subfield code="2">doi</subfield>
            <subfield code="a">10.1128/AEM.02538-17</subfield>
        </datafield>
        <datafield tag="024" ind1="8" ind2=" ">
            <subfield code="2">sideral</subfield>
            <subfield code="a">105414</subfield>
        </datafield>
        <datafield tag="037" ind1=" " ind2=" ">
            <subfield code="a">ART-2018-105414</subfield>
        </datafield>
        <datafield tag="041" ind1=" " ind2=" ">
            <subfield code="a">eng</subfield>
        </datafield>
        <datafield tag="100" ind1=" " ind2=" ">
            <subfield code="a">Chueca, B.</subfield>
        </datafield>
        <datafield tag="245" ind1=" " ind2=" ">
            <subfield code="a">Whole-genome sequencing and genetic analysis reveal novel stress responses to individual constituents of essential oils in Escherichia coli</subfield>
        </datafield>
        <datafield tag="260" ind1=" " ind2=" ">
            <subfield code="c">2018</subfield>
        </datafield>
        <datafield tag="506" ind1="0" ind2=" ">
            <subfield code="a">Access copy available to the general public</subfield>
            <subfield code="f">Unrestricted</subfield>
        </datafield>
        <datafield tag="520" ind1="3" ind2=" ">
            <subfield code="a">Food preservation by the use of essential oils (EOs) is being extensively studied because of the antimicrobial properties of their individual constituents (ICs). Three resistant mutants (termed CAR, CIT, and LIM) of Escherichia coli MG1655 were selected by subculturing with the ICs carvacrol, citral, and (+)-limonene oxide, respectively. These derivative strains showed increased MIC values of ICs and concomitantly enhanced resistance to various antibiotics (ampicillin, trimethoprim, chloramphenicol, tetracycline, kanamycin, novobiocin, norfloxacin, cephalexin, and nalidixic acid) compared to those for the parental strain (wild type [WT]). Whole-genome sequencing (WGS) of these hyperresistant strains permitted the identification of single nucleotide polymorphisms (SNPs) and deletions in comparison to the WT. In order to analyze the contribution of these mutations to the increased antimicrobial resistance detected in hyperresistant strains, derivative strains were constructed by allelic reversion. A role of the SoxR D137Y missense mutation in CAR was confirmed by growth in the presence of some ICs and antibiotics and by its tolerance to ICs but not to lethal heat treatments. In CIT, increased resistance relied on contributions by several detected SNPs, resulting in a frameshift in MarR and an in-frame GyrB ¿G157 mutation. Finally, both the insertion resulting in an AcrR frameshift and large chromosomal deletions found in LIM were correlated with the hyperresistant phenotype of this strain. The nature of the obtained mutants suggests intriguing links to cellular defense mechanisms previously implicated in antibiotic resistance.</subfield>
        </datafield>
        <datafield tag="536" ind1=" " ind2=" ">
            <subfield code="9">info:eu-repo/grantAgreement/ES/MINECO/AGL2012-32165</subfield>
            <subfield code="9">info:eu-repo/grantAgreement/ES/MINECO/AGL2015-69565-P</subfield>
        </datafield>
        <datafield tag="540" ind1=" " ind2=" ">
            <subfield code="9">info:eu-repo/semantics/openAccess</subfield>
            <subfield code="a">All rights reserved</subfield>
            <subfield code="u">http://www.europeana.eu/rights/rr-f/</subfield>
        </datafield>
        <datafield tag="590" ind1=" " ind2=" ">
            <subfield code="a">4.077</subfield>
            <subfield code="b">2018</subfield>
        </datafield>
        <datafield tag="591" ind1=" " ind2=" ">
            <subfield code="a">BIOTECHNOLOGY &amp; APPLIED MICROBIOLOGY</subfield>
            <subfield code="b">33 / 162 = 0.204</subfield>
            <subfield code="c">2018</subfield>
            <subfield code="d">Q1</subfield>
            <subfield code="e">T1</subfield>
        </datafield>
        <datafield tag="591" ind1=" " ind2=" ">
            <subfield code="a">MICROBIOLOGY</subfield>
            <subfield code="b">38 / 133 = 0.286</subfield>
            <subfield code="c">2018</subfield>
            <subfield code="d">Q2</subfield>
            <subfield code="e">T1</subfield>
        </datafield>
        <datafield tag="592" ind1=" " ind2=" ">
            <subfield code="a">1.663</subfield>
            <subfield code="b">2018</subfield>
        </datafield>
        <datafield tag="593" ind1=" " ind2=" ">
            <subfield code="a">Applied Microbiology and Biotechnology</subfield>
            <subfield code="c">2018</subfield>
            <subfield code="d">Q1</subfield>
        </datafield>
        <datafield tag="593" ind1=" " ind2=" ">
            <subfield code="a">Food Science</subfield>
            <subfield code="c">2018</subfield>
            <subfield code="d">Q1</subfield>
        </datafield>
        <datafield tag="593" ind1=" " ind2=" ">
            <subfield code="a">Ecology</subfield>
            <subfield code="c">2018</subfield>
            <subfield code="d">Q1</subfield>
        </datafield>
        <datafield tag="593" ind1=" " ind2=" ">
            <subfield code="a">Biotechnology</subfield>
            <subfield code="c">2018</subfield>
            <subfield code="d">Q1</subfield>
        </datafield>
        <datafield tag="655" ind1=" " ind2="4">
            <subfield code="a">info:eu-repo/semantics/article</subfield>
            <subfield code="v">info:eu-repo/semantics/publishedVersion</subfield>
        </datafield>
        <datafield tag="700" ind1=" " ind2=" ">
            <subfield code="a">Renzoni, A.</subfield>
        </datafield>
        <datafield tag="700" ind1=" " ind2=" ">
            <subfield code="0">(orcid)0000-0001-5053-8309</subfield>
            <subfield code="a">Berdejo, D.</subfield>
            <subfield code="u">Universidad de Zaragoza</subfield>
        </datafield>
        <datafield tag="700" ind1=" " ind2=" ">
            <subfield code="0">(orcid)0000-0002-0238-6328</subfield>
            <subfield code="a">Pagán, R.</subfield>
            <subfield code="u">Universidad de Zaragoza</subfield>
        </datafield>
        <datafield tag="700" ind1=" " ind2=" ">
            <subfield code="a">Kelley, W.L.</subfield>
        </datafield>
        <datafield tag="700" ind1=" " ind2=" ">
            <subfield code="0">(orcid)0000-0002-7629-8101</subfield>
            <subfield code="a">García-Gonzalo, D.</subfield>
            <subfield code="u">Universidad de Zaragoza</subfield>
        </datafield>
        <datafield tag="710" ind1="2" ind2=" ">
            <subfield code="1">2008</subfield>
            <subfield code="2">780</subfield>
            <subfield code="a">Universidad de Zaragoza</subfield>
            <subfield code="b">Dpto. Produc.Animal Cienc.Ali.</subfield>
            <subfield code="c">Área Tecnología de Alimentos</subfield>
        </datafield>
        <datafield tag="773" ind1=" " ind2=" ">
            <subfield code="g">84, 7 (2018),  e02538-17</subfield>
            <subfield code="p">Appl. environ. microbiol.</subfield>
            <subfield code="t">Applied and Environmental Microbiology</subfield>
            <subfield code="x">0099-2240</subfield>
        </datafield>
        <datafield tag="856" ind1="4" ind2=" ">
            <subfield code="s">381009</subfield>
            <subfield code="u">http://zaguan.unizar.es/record/70996/files/texto_completo.pdf</subfield>
            <subfield code="y">Versión publicada</subfield>
        </datafield>
        <datafield tag="856" ind1="4" ind2=" ">
            <subfield code="s">99752</subfield>
            <subfield code="u">http://zaguan.unizar.es/record/70996/files/texto_completo.jpg?subformat=icon</subfield>
            <subfield code="x">icon</subfield>
            <subfield code="y">Versión publicada</subfield>
        </datafield>
        <datafield tag="909" ind1="C" ind2="O">
            <subfield code="o">oai:zaguan.unizar.es:70996</subfield>
            <subfield code="p">articulos</subfield>
            <subfield code="p">driver</subfield>
        </datafield>
        <datafield tag="951" ind1=" " ind2=" ">
            <subfield code="a">2020-04-28-12:01:24</subfield>
        </datafield>
        <datafield tag="980" ind1=" " ind2=" ">
            <subfield code="a">ARTICLE</subfield>
        </datafield>
    </record>

    
</collection>